| 000 | 00507nam a2200169 4500 | ||
|---|---|---|---|
| 005 | 20260522215216.0 | ||
| 020 | _a9789391382629 | ||
| 082 |
_a305.5688 _bMUN.D |
||
| 084 | _2Colon Classification | ||
| 100 |
_aMuninarayanappa, M _915001 |
||
| 245 |
_aDevelopment of Scheduled Castes and Scheduled Tribes: _bIssues, Problems and Prospects |
||
| 260 |
_aDelhi: _bSwastik Publications; _c2025. |
||
| 300 | _a541p. | ||
| 700 |
_aD Sreenivasa Rao _915002 |
||
| 700 |
_aK Venkata Reddy _915003 |
||
| 942 |
_2ddc _cBK |
||
| 999 |
_c759806 _d759806 |
||